000 00890nam a2200229 a 4500
001 000025613
005 20200930023921.0
008 110216s1985 xxua r 000 j spa d
040 _aDO-SdBNP
_bspa
_cBNPHU
082 _aPR863.44
_bC965p
245 1 0 _aCuentos puertorriquenos /
_ceddición Robert L. Muckley y Eduardo E. Vargas ; introducción Hernán LaFontaine y Marco A. Hernández ; ilustración Jaime Carrero.
260 _aLincolnwood, Illinois. :
_bNational Textbook Company,
_c1985.
300 _aviii, 119 p. :
_bil. ;
_c23 cm.
650 4 _aCuentos puertorriqueños
_9249
650 4 _aLiteratura puertorriqueña
_9250
700 1 _aMuckley , Robert L. ,
_eed.
_99041
700 1 _aVargas, Eduardo E.
_eed.
_99042
700 1 _aLaFontaine, Hernán ,
_eintrod.
_99043
700 1 _aHernández, Marco A. ,
_eintrod.
_99044
700 1 _aCarrero., Jaime,
_eil.
_952305
049 _aBNGR
999 _c25105
_d25105